BIBLIOTECA “JULIO CORTÁZAR”
ESCUELA AGROTÉCNICA “LIBERTADOR GENERAL SAN MARTÍN” - UNR – CASILDA

Logo Escuela Logo UNR

Agrosistemas : (Record no. 826)

MARC details
000 -LEADER
campo de control de longitud fija 00900nam#a22003135a#4500
001 - NÚMERO DE CONTROL
campo de control 826
008 - DATOS DE LONGITUD FIJA--INFORMACIÓN GENERAL
campo de control de longitud fija 090331s2008####ag#a##########001#0#spa#d
020 ## - NÚMERO INTERNACIONAL ESTÁNDAR DEL LIBRO
Número Internacional Estándar del Libro 9789502910611
080 ## - NÚMERO DE LA CLASIFICACIÓN DECIMAL UNIVERSAL
Número de la Clasificación Decimal Universal 631
084 ## - OTRO NÚMERO DE CLASIFICACIÓN
Número de clasificación G91
040 ## - FUENTE DE CATALOGACIÓN
Centro catalogador/agencia de origen AR-ClEAG
Centro/agencia transcriptor AR-ClEAG
005 - FECHA Y HORA DE LA ÚLTIMA TRANSACCIÓN
campo de control 20241107184649.0
003 - IDENTIFICADOR DE NÚMERO DE CONTROL
campo de control AR-ClEAG
100 1# - ENTRADA PRINCIPAL--NOMBRE DE PERSONA
Nombre de persona Fernández, Roberto J.
245 10 - MENCIÓN DEL TÍTULO
Título Agrosistemas :
Resto del título Impacto ambiental y sustentabilidad /
Mención de responsabilidad, etc. Roberto J. Fernández ... [et al.].
250 ## - MENCION DE EDICION
Mención de edición 1ª ed.
260 ## - PUBLICACIÓN, DISTRIBUCIÓN, ETC.
Lugar de publicación, distribución, etc. Buenos Aires :
Nombre del editor, distribuidor, etc. Editorial Facultad Agronomía,
Fecha de publicación, distribución, etc. 2008.
300 ## - DESCRIPCIÓN FÍSICA
Extensión 493 p. :
Otras características físicas tab. ;
Dimensiones 23 cm.
653 ## - TÉRMINO DE INDIZACIÓN--NO CONTROLADO
Término no controlado Impacto global en el agro
653 ## - TÉRMINO DE INDIZACIÓN--NO CONTROLADO
Término no controlado Biocombustible
653 ## - TÉRMINO DE INDIZACIÓN--NO CONTROLADO
Término no controlado Contaminación de suelo
653 ## - TÉRMINO DE INDIZACIÓN--NO CONTROLADO
Término no controlado Contaminación de aguas
653 ## - TÉRMINO DE INDIZACIÓN--NO CONTROLADO
Término no controlado Empresas agropecuarias
700 1# - ENTRADA AGREGADA--NOMBRE PERSONAL
Nombre de persona Cervio, Víctor.
700 1# - ENTRADA AGREGADA--NOMBRE PERSONAL
Nombre de persona Ferrazzino, Ana.
700 1# - ENTRADA AGREGADA--NOMBRE PERSONAL
Nombre de persona Formento, Susana.
700 1# - ENTRADA AGREGADA--NOMBRE PERSONAL
Nombre de persona Giuffré, Lidia.
942 ## - ELEMENTOS DE ENTRADA SECUNDARIOS (KOHA)
Tipo de ítem Koha Libros
980 ## - EQUIVALENCIA O REFERENCIA-CRUZADA-MENCIÓN DE SERIE--NOMBRE DE PERSONA/TÍTULO [LOCAL, CANADÁ]
Enlace 2
Nombre de persona Evangelina Gallicchio
Enlace entre campo y número de secuencia 2
Información miscelánea Evangelina Gallicchio
Holdings
Estatus retirado Estado de pérdida Fuente del sistema de clasificación o colocación Estado de daño No para préstamo Biblioteca de origen Biblioteca actual Ubicación en estantería Fecha de adquisición Número de inventario Total de préstamos Signatura topográfica completa Código de barras Visto por última vez Precio de reemplazo Tipo de ítem Koha
    Clasificación decimal universal     Julio Cortázar Julio Cortázar   07/11/2024 3509   R8 631 G91 1 Ej.1 3509 07/11/2024 07/11/2024 Libros
    Clasificación decimal universal     Julio Cortázar Julio Cortázar   07/11/2024 2730   R8 631 G91 Ej.2 2730 07/11/2024 07/11/2024 Libros

Contacto

Biblioteca Julio Cortázar. Escuela Agrotécnica "Libertador San Martín". Universidad Nacional de Rosario
Dirección: Ov. Lagos 1000 - 2170 Casilda - Santa Fe - Argentina
Tel: (54) (03464) 422226.
Fax: (54) (03464) 427789.
E-Mail: biblio-eac@unr.edu.ar